[Event "IIFL Wealth 4th Mumbai GM"]
[Site "Mumbai"]
[Date "2019.01.06"]
[Round "8"]
[White "Mohammad Fahad, Rahman"]
[Black "Senthil Maran K"]
[Result "1-0"]
[WhiteElo "2381"]
[BlackElo "2197"]
[Annotator "TA"]
[PlyCount "58"]
[EventDate "2018.12.30"]
[EventType "swiss"]
[EventCountry "IND"]
[SourceTitle "playchess.com"]
[Source "ChessBase"]
[SourceQuality "1"]

{[%evp 18,58,20,-8,-8,-64,-9,-9,-9,-10,0,-10,0,-5,50,43,122,64,115,106,95,20,45,41,47,37,69,69,62,69,69,70,58,42,43,41,45,37,39,46,83,41,78]} 1. e4 c6 2. Nc3 d5 3. Nf3 g6 4. d4 Bg7 5. h3 dxe4 6. Nxe4 Nf6 7. Bd3 Nxe4 8. Bxe4 O-O 9. O-O Nd7 10. c4 {LiveBook: 6 Games} e5 {B15: Caro-Kann: 3 Nc3: 3...g6 and 3...dxe4 4 Nxe4 Nf6 5 Nxf6+ exf6} 11. Bg5 $146 (11. Nxe5 $11 Nxe5 12. dxe5) ({Predecessor:} 11. dxe5 Nxe5 12. Nxe5 Qxd1 13. Rxd1 Bxe5 14. Bh6 Re8 15. Rab1 Be6 16. b3 f5 17. Bf3 Kf7 18. Re1 {½-½ (38) Galdunts,S (2420)-Hodgson,J (2570) Metz 1994}) 11... Qb6 (11... Qc7 $1 $15) 12. Nxe5 $11 Nxe5 {The position is equal.} 13. dxe5 Bxe5 14. Rb1 Qc5 15. Qc2 Bxb2 ({Black should play} 15... Bc7 $11 16. Bh6 Rd8) 16. Bd2 $1 $14 Ba3 {[#]} (16... Bd4 $14) 17. Bh6 (17. Qc3 $1 $16) 17... Qe5 (17... Qa5 $14) 18. Bxf8 $16 Bxf8 19. Qd3 (19. f4 $16 Qc5+ 20. Kh1) 19... Rb8 20. f4 Qc5+ 21. Kh1 {Threatens to win with f5.} f5 22. Bf3 {aiming for Rfe1.} Be6 23. Rfe1 Bxc4 {[%mdl 64] Double Attack} 24. Qd7 Qd6 25. Qxd6 Bxd6 {[#]} 26. Bxc6 $1 {[%mdl 512]} Bxa2 ({Reject} 26... bxc6 $6 27. Rxb8+ Bxb8 28. Re8+ Kf7 29. Rxb8 $16) 27. Rxb7 Rxb7 28. Bxb7 Bf7 29. Ra1 Bc5 {Accuracy: White = 47%, Black = 29%.} 1-0

[Event "IIFL Wealth 4th Mumbai GM"]
[Site "Mumbai"]
[Date "2019.01.06"]
[Round "8"]
[White "Sammed Jaykumar, Shete"]
[Black "Deepan Chakkravarthy J."]
[Result "0-1"]
[WhiteElo "2378"]
[BlackElo "2550"]
[Annotator "TA"]
[PlyCount "109"]
[EventDate "2018.12.30"]
[EventType "swiss"]
[EventCountry "IND"]
[SourceTitle "playchess.com"]
[Source "ChessBase"]
[SourceQuality "1"]

{[%evp 9,109,47,84,58,66,-12,22,-8,15,25,38,-16,0,0,0,-6,-9,-62,-45,-25,-39,-63,-41,-57,-39,-47,-45,-45,-48,-64,-33,-31,-43,-101,-97,-114,-81,-99,401,-76,-74,-101,-75,-70,-73,-63,-68,-105,-111,-108,-95,-100,-96,-218,-68,-168,-157,-136,-80,-191,-179,-175,-35,-158,-156,-226,-224,-219,-241,-218,-222,-240,-122,-281,-243,-825,-716,-876,-873,-862,-835,-833,-832,-756,-714,-1344,-1344,-1344,-1344,-1319,-1319,-1319,-1319,-1312,-1312,-1300,-1237,-1187,-1025,-29972,-29973,-29969]} 1. e4 e6 2. d4 a6 3. Nf3 d5 4. Nbd2 dxe4 (4... Nf6 5. e5 Nfd7 6. Bd3 c5 7. c3 Nc6 8. O-O g5 9. dxc5 g4 10. Nd4 Ndxe5 11. N2b3 Nxd3 12. Qxd3 e5 13. Re1 Bg7 14. Nxc6 bxc6 15. Nd4 Qf6 {½-½ (43) Sokolov,I (2625)-Bauer,C (2630) Maastricht 2017}) 5. Nxe4 Nf6 6. Bd3 {C03: French Tarrasch: Unusual Black 3rd moves} Nbd7 7. Ng3 (7. Qe2 $14) 7... b5 $146 ({Predecessor:} 7... c5 8. O-O b5 9. c3 Bb7 10. Re1 Be7 11. Bf4 O-O 12. Qe2 Rc8 13. Rad1 cxd4 14. Nxd4 {1-0 (46) Unwana,E (2300)-Eyenghe,S (2021) Lagos 2015}) 8. O-O {The position is equal.} Bb7 9. a4 b4 10. a5 (10. c4 $14) 10... Be7 11. Re1 O-O 12. Qe2 c5 13. Bc4 (13. Nf5 $11) 13... Bxf3 14. Qxf3 cxd4 15. Bf4 Re8 16. h4 Rc8 17. b3 Rc5 18. Bxa6 Rxa5 19. Bc4 Qa8 20. Rxa5 Qxa5 21. h5 (21. Ne4 $15) 21... h6 $17 22. Qc6 Qc5 23. Qb7 Bd6 $2 {[%mdl 8192]} (23... Rd8 $17 {and life is bright.} 24. Bc7 Rf8) 24. Bxd6 $2 (24. Ne4 $18 Nxe4 25. Qxd7) 24... Qxd6 25. Ra1 Qb6 26. Ra7 Qxb7 27. Rxb7 Rb8 28. Ra7 Ne5 $1 29. Bf1 Rc8 30. f4 Neg4 31. f5 {[#]} (31. Ba6 $17 Rd8 32. Bd3) 31... Ne3 (31... Rxc2 $2 32. Ra8+ Kh7 33. fxe6 $18) (31... e5 $1 $19 32. Bc4 Ne3 33. Bxf7+ Kf8) 32. fxe6 (32. Ba6 $1 $15 Rd8 33. fxe6 fxe6 34. Bd3) 32... fxe6 $19 33. Bd3 Kf8 (33... Nxc2 $142 34. Ne2 Ne3 35. Nxd4 Nfg4) 34. Ne2 (34. Ne4 $17 {was necessary.}) 34... e5 (34... Nxh5 35. Bg6 $11) ({Weaker is} 34... Nxc2 35. Nf4 $11) 35. Ng3 Nfd5 ({Black should try} 35... Nxc2 $19 36. Nf5 Ne3 37. Nxe3 dxe3) 36. Bg6 ({Better is} 36. Nf5 $15) 36... Ne7 $17 ({Worse is} 36... Nxc2 37. Nf5 $18) 37. Be4 (37. Bd3 $17 {was called for.}) 37... Nxc2 $19 38. Nf5 Nxf5 39. Bxf5 {[%mdl 4096] Endgame KRB-KRN} Rc3 40. Bg6 {intending Rf7+.} d3 ({Wrong is} 40... Rxb3 $2 41. Rf7+ Ke8 42. Rf3+ Kd7 43. Rxb3 $18) (40... Ne3 $19 41. Kf2 Rxb3) 41. Rf7+ $2 {[#]} (41. Kf2 $17) 41... Ke8 $1 42. Rf5+ $2 (42. Kf2) 42... Kd7 {...d2 is the strong threat.} 43. Rxe5 Kd6 44. Re8 Nd4 45. Rd8+ Ke5 {( -> ...d2)} 46. Re8+ Kf6 47. Rd8 d2 48. Rxd4 {KRB-KR} Rc1+ 49. Kf2 d1=Q 50. Rxd1 Rxd1 51. Ke2 Rd4 52. Ke3 Rg4 53. Be4 Kg5 54. Bf3 Rg3 55. Kd4 {Accuracy: White = 16%, Black = 43%.} 0-1

[Event "IIFL Wealth 4th Mumbai GM"]
[Site "Mumbai"]
[Date "2019.01.06"]
[Round "8"]
[White "Rathnakaran, K.."]
[Black "Phadke Sohan"]
[Result "1-0"]
[WhiteElo "2366"]
[BlackElo "2191"]
[Annotator "NA"]
[PlyCount "78"]
[EventDate "2018.12.30"]
[EventType "swiss"]
[EventCountry "IND"]
[SourceTitle "playchess.com"]
[Source "ChessBase"]
[SourceQuality "1"]
[TimeControl "40/5400+30:1800+30"]

1. e4 {[%emt 0:00:00]} c5 {[%emt 0:00:00]} 2. Nf3 {[%emt 0:00:00]} Nc6 {[%emt 0:03:34]} 3. Bb5 {[%emt 0:00:00]} e6 {[%emt 0:01:03]} 4. O-O {[%emt 0:00:00]} a6 {[%emt 0:00:14]} 5. Bxc6 {[%emt 0:00:19]} bxc6 {[%emt 0:00:04]} 6. e5 {[%emt 0:01:18]} f6 {[%emt 0:00:54]} 7. Nc3 {[%emt 0:00:07]} fxe5 {[%emt 0:00:13]} 8. Nxe5 {[%emt 0:00:06]} Nf6 {[%emt 0:00:08]} 9. a4 {[%emt 0:02:09]} d6 {[%emt 0:08:26]} 10. Ng4 {[%emt 0:00:19]} Be7 {[%emt 0:02:43]} 11. Nxf6+ {[%emt 0:00:46]} Bxf6 {[%emt 0:02:17]} 12. Ne4 {[%emt 0:00:04]} O-O {[%emt 0:02:22]} 13. Ra3 {[%emt 0:00:49]} Be7 {[%emt 0:05:56]} 14. f4 {[%emt 0:04:09]} d5 {[%emt 0:05:59]} 15. Ng3 {[%emt 0:00:09]} c4 {[%emt 0:04:48]} 16. Raf3 {[%emt 0:00:07]} Rb8 {[%emt 0:08:25]} 17. Kh1 {[%emt 0:03:29]} c5 {[%emt 0:11:51]} 18. Qe2 {[%emt 0:03:32]} g6 {[%emt 0:10:00]} 19. b3 {[%emt 0:00:15]} cxb3 {[%emt 0:00:06]} 20. cxb3 {[%emt 0:00:05]} Bf6 {[%emt 0:00:07]} 21. Ba3 {[%emt 0:00:22]} Qd6 {[%emt 0:18:22]} 22. Qf2 {[%emt 0:01:20]} d4 {[%emt 0:03:15]} 23. Rc1 {[%emt 0:02:30]} Bb7 {[%emt 0:00:14]} 24. Bxc5 {[%emt 0:00:13]} Qd7 {[%emt 0:02:15]} 25. Bxf8 {[%emt 0:00:19]} Rxf8 {[%emt 0:00:26]} 26. Rd3 {[%emt 0:06:24]} e5 {[%emt 0:01:19]} 27. fxe5 {[%emt 0:02:40]} Bxe5 {[%emt 0:02:20]} 28. Qe2 {[%emt 0:00:07]} Re8 {[%emt 0:00:11]} 29. Re1 {[%emt 0:00:31]} Bc6 {[%emt 0:00:15]} 30. Kg1 {[%emt 0:00:30]} Qd5 {[%emt 0:00:20]} 31. Qf2 {[%emt 0:04:19]} Qd6 {[%emt 0:03:17]} 32. Rxe5 {[%emt 0:10:08]} Qxe5 {[%emt 0:00:15]} 33. Rxd4 {[%emt 0:00:12]} a5 {[%emt 0:01:28]} 34. h3 {[%emt 0:02:20]} h5 {[%emt 0:00:34]} 35. h4 {[%emt 0:05:03]} Qe6 {[%emt 0:01:23]} 36. Qf4 {[%emt 0:01:32]} Bd5 {[%emt 0:00:58]} 37. b4 {[%emt 0:03:43]} axb4 38. Rxb4 {[%emt 0:00:08]} Kh7 {[%emt 0:01:07]} 39. a5 {[%emt 0:01:04]} Rf8 {[%emt 0:00:38]} 1-0

[Event "IIFL Wealth 4th Mumbai GM"]
[Site "Mumbai"]
[Date "2019.01.06"]
[Round "8"]
[White "Anuj Shrivatri"]
[Black "Subrota, Biswas"]
[Result "1-0"]
[WhiteElo "2357"]
[BlackElo "2171"]
[Annotator "NA"]
[PlyCount "236"]
[EventDate "2018.12.30"]
[EventType "swiss"]
[EventCountry "IND"]
[SourceTitle "playchess.com"]
[Source "ChessBase"]
[SourceQuality "1"]
[TimeControl "40/5400+30:1800+30"]

1. Nf3 {[%emt 0:00:00]} f5 {[%emt 0:00:00]} 2. d3 {[%emt 0:00:00]} Nc6 {[%emt 0:00:01] A04: Unusual lines after 1 Nf3 and King's Indian Attack} 3. d4 {[%emt 0:00:00]} (3. e4 e5 4. Nc3 Bb4 5. exf5 d5 6. d4 e4 7. Bg5 Be7 8. Bxe7 Ngxe7 9. Nh4 Bxf5 10. Qh5+ g6 11. Qh6 Qd6 12. Bb5 {½-½ (30) Malakhov,V (2654)-Ivanchuk,V (2714) Zagreb 2018}) 3... e6 {[%emt 0:00:15]} 4. g3 {[%emt 0:00:00]} Nf6 {[%emt 0:00:05]} 5. Bg2 {[%emt 0:00:00]} Be7 {[%emt 0:00:21]} 6. c4 {[%emt 0:00:00]} Ne4 $146 {[%emt 0:09:51]} ({Predecessor:} 6... O-O 7. d5 Bb4+ 8. Bd2 Bxd2+ 9. Qxd2 Ne4 10. Qc1 exd5 11. cxd5 {½-½ (30) Petrov,N (2573)-Demuth,A (2547) Bad Ragaz 2018}) 7. O-O {[%emt 0:02:09]} Bf6 {[%emt 0:01:25]} 8. d5 {[%emt 0:03:09]} Nb8 {[%emt 0:05:22]} 9. Nbd2 {[%emt 0:09:06]} Nc5 {[%emt 0:05:42]} 10. Rb1 {[%emt 0:01:25]} a5 {[%emt 0:00:14]} 11. Qc2 {[%emt 0:02:32]} O-O {[%emt 0:06:26]} 12. e4 {[%emt 0:02:06]} fxe4 {[%emt 0:05:26]} 13. Nxe4 {[%emt 0:02:25]} Nxe4 {[%emt 0:00:51]} 14. Qxe4 {[%emt 0:00:06]} e5 {[%emt 0:07:55]} 15. d6 {[%emt 0:06:12]} cxd6 {[%emt 0:03:20]} 16. Qd5+ {[%emt 0:06:43]} Kh8 {[%emt 0:01:14]} 17. Qxd6 {[%emt 0:00:14]} Nc6 {[%emt 0:05:08]} 18. Be3 {[%emt 0:02:03]} Be7 {[%emt 0:04:29]} 19. Qd2 {[%emt 0:01:45]} d6 {[%emt 0:02:00]} 20. Ng5 {[%emt 0:10:07]} Bf5 {[%emt 0:07:08]} 21. Rbc1 {[%emt 0:03:21]} Qd7 {[%emt 0:01:24]} 22. Ne4 {[%emt 0:01:37]} Qe6 {[%emt 0:04:23]} 23. Nc3 {[%emt 0:06:36]} Rab8 {[%emt 0:07:34]} 24. Nd5 {[%emt 0:01:07]} e4 {[%emt 0:01:32]} 25. Nxe7 {[%emt 0:12:33]} Qxe7 {[%emt 0:00:03]} 26. c5 {[%emt 0:00:21]} dxc5 {[%emt 0:01:48]} 27. Bxc5 {[%emt 0:02:39]} Qd8 {[%emt 0:04:06]} 28. Qf4 {[%emt 0:06:59]} Rf6 {[%emt 0:02:41]} 29. Bxe4 {[%emt 0:00:39]} Bxe4 {[%emt 0:01:35]} 30. Qxe4 {[%emt 0:00:35]} Qd7 {[%emt 0:00:31]} 31. Rfd1 {[%emt 0:01:19]} Qf7 {[%emt 0:00:12]} 32. Qd5 {[%emt 0:01:40]} Re6 {[%emt 0:00:04]} 33. Kg2 {[%emt 0:02:07]} Qf6 {[%emt 0:00:37]} 34. Rc3 {[%emt 0:02:17]} Re5 {[%emt 0:06:01]} 35. Qd6 {[%emt 0:03:44]} Qf7 {[%emt 0:00:21]} 36. Rf3 {[%emt 0:01:07]} Qe8 {[%emt 0:00:04]} 37. Qf8+ {[%emt 0:06:08]} Qxf8 {[%emt 0:00:02]} 38. Rxf8+ {[%emt 0:00:45]} Rxf8 {[%emt 0:00:03]} 39. Bxf8 {[%emt 0:00:05]} Kg8 {[%emt 0:00:34]} 40. Ba3 {[%emt 0:00:00]} Re2 {[%emt 0:00:00]} 41. Rd5 {[%emt 0:05:05]} b6 {[%emt 0:16:46]} 42. Rb5 {[%emt 0:01:21]} Ne5 {[%emt 0:01:33]} 43. Kf1 {[%emt 0:01:17]} Re4 {[%emt 0:00:18]} 44. Rxb6 {[%emt 0:00:11]} Nc4 {[%emt 0:00:07]} 45. Rb8+ {[%emt 0:00:12]} Kf7 {[%emt 0:00:02]} 46. Bc5 {[%emt 0:00:21]} Ne5 {[%emt 0:01:02]} 47. Rb5 {[%emt 0:03:03]} Nd3 {[%emt 0:00:37]} 48. Be3 {[%emt 0:00:16]} a4 {[%emt 0:00:34]} 49. Ke2 {[%emt 0:00:23]} Nc1+ {[%emt 0:00:05]} 50. Kf3 {[%emt 0:02:41]} Rc4 {[%emt 0:00:07]} 51. Rb7+ {[%emt 0:01:26]} Kf6 {[%emt 0:00:22]} 52. Bxc1 {[%emt 0:00:39]} Rxc1 {[%emt 0:00:08]} 53. a3 {[%emt 0:00:02]} h6 {[%emt 0:01:24]} 54. h4 {[%emt 0:00:03]} Rc2 {[%emt 0:00:37]} 55. Rb6+ {[%emt 0:00:33]} Ke5 {[%emt 0:00:46]} 56. Ke3 {[%emt 0:00:47]} Kf5 {[%emt 0:00:16]} 57. f3 {[%emt 0:00:33]} Rg2 {[%emt 0:01:12]} 58. g4+ {[%emt 0:00:51]} Ke5 {[%emt 0:00:01]} 59. h5 {[%emt 0:00:58]} Rh2 {[%emt 0:00:24]} 60. Rb5+ {[%emt 0:00:35]} Ke6 {[%emt 0:01:54]} 61. Kf4 {[%emt 0:00:33]} Rf2 {[%emt 0:00:45]} 62. Rb6+ {[%emt 0:00:21]} Kf7 {[%emt 0:00:23]} 63. Ke4 {[%emt 0:00:20]} Ke7 {[%emt 0:00:20]} 64. f4 {[%emt 0:00:20]} Rc2 {[%emt 0:00:35]} 65. Kf5 {[%emt 0:00:04]} Kf7 {[%emt 0:00:16]} 66. Rb7+ {[%emt 0:00:13]} Kg8 {[%emt 0:00:32]} 67. g5 {[%emt 0:00:14]} hxg5 {[%emt 0:00:31]} 68. fxg5 {[%emt 0:00:02]} Rc5+ {[%emt 0:00:04]} 69. Kf4 {[%emt 0:00:10]} Rc4+ {[%emt 0:00:33]} 70. Ke3 {[%emt 0:00:12]} Rh4 {[%emt 0:00:24]} 71. h6 {[%emt 0:00:35]} gxh6 {[%emt 0:00:06]} 72. gxh6 {[%emt 0:00:03]} Rxh6 {[%emt 0:00:30]} 73. Kd3 {[%emt 0:00:05]} Kf8 $2 {[%emt 0:00:47]} (73... Ra6 {was worth a try.} 74. Kc4 Ra8) 74. Kc3 {[%emt 0:00:11]} (74. Kc4 $18 {and the rest is easy.}) 74... Ke8 {[%emt 0:00:24]} 75. Rb4 {[%emt 0:00:26]} Ra6 {[%emt 0:00:05]} 76. Rd4 {[%emt 0:00:12]} Ke7 {[%emt 0:00:12]} 77. Rd2 {[%emt 0:00:36]} Rb6 78. Rd5 {[%emt 0:00:23]} Rc6+ $1 {[%emt 0:01:33]} 79. Kd3 {[%emt 0:00:57]} Rb6 {[%emt 0:00:44]} 80. Kc2 {[%emt 0:00:06]} Rc6+ 81. Kb1 {[%emt 0:00:04]} Ra6 {[%emt 0:05:01]} (81... Rc4 $1 $11) 82. Rd4 {[%emt 0:00:09]} Ke6 {[%emt 0:00:58]} 83. Kc2 {[%emt 0:00:03]} Ra8 {[%emt 0:00:44]} 84. Kc3 {[%emt 0:00:07]} Ke5 {[%emt 0:00:36]} 85. Rd2 {[%emt 0:00:21]} Rb8 {[%emt 0:03:25]} 86. Kc4 {[%emt 0:00:04]} Ke6 {[%emt 0:01:14]} 87. Kc5 {[%emt 0:00:04]} Rb3 {[%emt 0:00:26] [#]} 88. Kc6 $2 {[%emt 0:00:17]} (88. Rd6+ $1 $18 {and the rest is easy.} Ke7 89. Rb6) 88... Ke7 {[%emt 0:00:07]} 89. Rd7+ {[%emt 0:00:28]} Ke6 {[%emt 0:00:26]} 90. Rb7 {[%emt 0:00:15]} Rg3 {[%emt 0:05:48]} 91. Rb4 {[%emt 0:00:05]} Rg2 {[%emt 0:00:56]} 92. Kb5 {[%emt 0:00:04]} Kd5 {[%emt 0:00:33]} 93. Kxa4 {[%emt 0:00:05]} Kc6 {[%emt 0:00:24]} 94. Kb3 {[%emt 0:00:13]} Rg5 {[%emt 0:00:29]} 95. Rc4+ {[%emt 0:00:10]} Kb6 {[%emt 0:00:15]} 96. a4 {[%emt 0:00:05]} Ka5 {[%emt 0:00:36]} 97. Ka3 {[%emt 0:00:04]} Rg3+ {[%emt 0:00:15]} 98. b3 {[%emt 0:00:03]} Rh3 {[%emt 0:00:02]} 99. Rc5+ {[%emt 0:00:09]} Kb6 {[%emt 0:00:30]} 100. Rg5 {[%emt 0:00:05]} Rh4 {[%emt 0:00:16]} 101. Rg6+ {[%emt 0:00:31]} Ka7 {[%emt 0:01:05]} 102. a5 {[%emt 0:00:05]} Kb7 {[%emt 0:00:26]} 103. b4 {[%emt 0:00:10]} Ka7 {[%emt 0:00:39]} 104. Ka4 {[%emt 0:00:05]} Kb7 {[%emt 0:00:47]} 105. a6+ {[%emt 0:00:21]} Kc7 {[%emt 0:01:16]} 106. Ka5 {[%emt 0:00:04]} Rh1 {[%emt 0:00:20]} 107. Rg7+ {[%emt 0:00:07]} Kb8 {[%emt 0:00:32]} 108. b5 {[%emt 0:00:19]} Rh5 {[%emt 0:00:17]} 109. Rd7 {[%emt 0:01:12]} Rg5 {[%emt 0:00:25]} 110. Kb6 {[%emt 0:00:47]} Rg8 {[%emt 0:00:14]} 111. Rd6 {[%emt 0:01:50]} Rh8 {[%emt 0:01:00]} 112. Rd5 {[%emt 0:01:03]} Rg8 {[%emt 0:01:13]} 113. Ka5 {[%emt 0:00:06]} Kc7 {[%emt 0:00:31]} 114. a7 {[%emt 0:01:06]} Kb7 {[%emt 0:00:39] [#]} 115. b6 $1 {[%emt 0:00:07]} Ra8 {[%emt 0:02:57]} 116. Rd7+ {[%emt 0:00:05]} Kc6 {[%emt 0:00:16]} 117. Rc7+ {[%emt 0:00:03]} Kd6 {[%emt 0:00:08]} 118. Rc1 {[%emt 0:00:07]} Kd5 1-0

[Event "IIFL Wealth 4th Mumbai GM"]
[Site "Mumbai"]
[Date "2019.01.06"]
[Round "8"]
[White "Tran, Minh Thang"]
[Black "Aaryan Varshney"]
[Result "0-1"]
[WhiteElo "2342"]
[BlackElo "2200"]
[Annotator "NA"]
[PlyCount "92"]
[EventDate "2018.12.30"]
[EventType "swiss"]
[EventCountry "IND"]
[SourceTitle "playchess.com"]
[Source "ChessBase"]
[SourceQuality "1"]
[TimeControl "40/5400+30:1800+30"]

1. e4 c5 {[%emt 0:06:57]} 2. Nf3 {[%emt 0:00:00]} d6 {[%emt 0:00:15]} 3. d4 {[%emt 0:00:00]} cxd4 {[%emt 0:00:04]} 4. Qxd4 {[%emt 0:00:00]} Nc6 {[%emt 0:00:07]} 5. Bb5 {[%emt 0:00:00]} Bd7 {[%emt 0:00:05]} 6. Qd3 {[%emt 0:00:12]} g6 {[%emt 0:01:56]} 7. O-O {[%emt 0:00:13]} Bg7 {[%emt 0:00:05]} 8. c4 {[%emt 0:00:08]} Nf6 {[%emt 0:00:06]} 9. h3 {[%emt 0:00:05]} O-O {[%emt 0:00:05]} 10. Nc3 {[%emt 0:00:05]} Rc8 {[%emt 0:06:27]} 11. Bxc6 {[%emt 0:00:15]} Bxc6 {[%emt 0:00:53]} 12. Be3 {[%emt 0:00:08]} Nd7 {[%emt 0:15:26]} 13. Nd4 {[%emt 0:00:01]} Nc5 {[%emt 0:06:31]} 14. Qc2 {[%emt 0:00:16]} Ne6 {[%emt 0:04:54]} 15. Rfd1 {[%emt 0:00:30]} Nxd4 {[%emt 0:00:40]} 16. Bxd4 {[%emt 0:00:04]} Bxd4 {[%emt 0:00:10]} 17. Rxd4 {[%emt 0:00:03]} Qb6 {[%emt 0:00:32]} 18. Rad1 {[%emt 0:00:14]} Rfd8 {[%emt 0:00:11]} 19. Qd2 {[%emt 0:00:19]} Qc5 {[%emt 0:01:37]} 20. Nd5 {[%emt 0:01:48]} Bxd5 {[%emt 0:04:46]} 21. exd5 {[%emt 0:00:09]} Kg7 {[%emt 0:02:20]} 22. Re1 {[%emt 0:00:29]} Rd7 {[%emt 0:02:12]} 23. Rh4 {[%emt 0:00:16]} h5 {[%emt 0:02:46]} 24. Re3 {[%emt 0:04:48]} Rh8 {[%emt 0:10:34]} 25. Qc3+ {[%emt 0:00:55]} f6 {[%emt 0:00:29]} 26. Rhe4 {[%emt 0:01:29]} Kf7 {[%emt 0:03:14]} 27. b4 {[%emt 0:00:32]} Qc7 {[%emt 0:01:54]} 28. c5 {[%emt 0:00:01]} dxc5 {[%emt 0:01:33]} 29. Qc4 {[%emt 0:13:05]} cxb4 {[%emt 0:03:40]} 30. Qb3 {[%emt 0:11:36]} Kg7 {[%emt 0:01:35]} 31. Qxb4 {[%emt 0:00:23]} Re8 32. Re6 {[%emt 0:00:02]} Kf7 {[%emt 0:01:51]} 33. Qe4 {[%emt 0:03:01]} Rd6 {[%emt 0:04:18]} 34. Rg3 {[%emt 0:00:45]} Rg8 {[%emt 0:00:14]} 35. Re3 {[%emt 0:03:03]} Re8 {[%emt 0:00:39]} 36. Rf3 {[%emt 0:06:07]} Qc1+ {[%emt 0:04:39]} 37. Kh2 {[%emt 0:00:03]} Qc7 {[%emt 0:00:13]} 38. g3 {[%emt 0:04:20]} Qd7 {[%emt 0:01:53]} 39. Qf4 {[%emt 0:18:55]} Rxe6 {[%emt 0:02:15]} 40. dxe6+ {[%emt 0:00:00]} Qxe6 {[%emt 0:00:00]} 41. Qh6 {[%emt 0:00:07]} Rg8 {[%emt 0:02:42]} 42. a3 {[%emt 0:00:05]} Qe2 {[%emt 0:02:43]} 43. Qf4 {[%emt 0:01:45]} Rd8 {[%emt 0:02:31]} 44. g4 {[%emt 0:12:45]} Rd1 {[%emt 0:04:37]} 45. gxh5 {[%emt 0:04:15]} Qf1 {[%emt 0:00:17]} 46. hxg6+ {[%emt 0:00:52]} Kg7 {[%emt 0:00:04]} 0-1

[Event "IIFL Wealth 4th Mumbai GM"]
[Site "Mumbai"]
[Date "2019.01.06"]
[Round "8"]
[White "Ritviz, Parab"]
[Black "Deviatkin, Andrei"]
[Result "0-1"]
[WhiteElo "2338"]
[BlackElo "2464"]
[Annotator "TA"]
[PlyCount "100"]
[EventDate "2018.12.30"]
[EventType "swiss"]
[EventCountry "IND"]
[SourceTitle "playchess.com"]
[Source "ChessBase"]
[SourceQuality "1"]

{[%evp 13,100,12,9,14,31,27,29,0,21,2,0,0,0,0,0,0,2,0,4,-10,-12,0,0,-36,-37,-37,-37,-37,-37,-37,-41,-35,-34,-54,-16,-19,9,-16,0,0,0,0,0,2,36,25,43,0,20,-6,-6,-39,0,0,0,-244,-244,-237,-240,-403,-403,-403,-398,-395,-387,-381,-337,-551,-517,-1064,-1024,-944,-914,-2532,-213,-2483,-2477,-2175,-2050,-5275,-5281,-1569,-5218,-5173,-5122,-4133,-2541,-1727,-1640]} 1. e4 c6 2. d4 d5 3. Nc3 {[%cal Bb1c3,Bc3e4,Be4g5][%mdl 32]} dxe4 4. Nxe4 Nd7 5. Ng5 Ngf6 6. Bd3 Qc7 7. Qe2 {B17: Caro-Kann: Modern Line (4...Nd7)} h6 {LiveBook: 4 Games} 8. Ne4 $146 ({Predecessor:} 8. N5f3 e6 9. Ne5 Nxe5 10. dxe5 Nd7 11. Nf3 g5 12. O-O Bg7 13. Re1 b6 14. Bd2 Bb7 {0-1 (42) Timman,J (2555)-Korley,K (2443) Helsingor 2018}) 8... Nxe4 9. Qxe4 {White is slightly better.} Nf6 10. Qe2 Bg4 11. f3 Bf5 12. Bxf5 {[#] Threatens to win with Bd3.} Qa5+ 13. Bd2 Qxf5 14. O-O-O e6 15. Nh3 O-O-O 16. g4 Qb5 17. Qxb5 cxb5 18. Bf4 Nd5 19. Be5 f6 20. Bg3 h5 {[%cal Bh6h5,Bh5h4][%mdl 32]} 21. Nf4 h4 22. Nxd5 $1 Rxd5 23. Bf2 h3 24. Bg3 Kd7 25. Rhe1 Be7 26. a3 Rc8 27. c3 g6 28. Kc2 a6 29. Re4 f5 30. Re5 (30. Re2 {keeps more tension.} g5 31. Rde1 Rc6 32. gxf5 Rxf5 33. Re4) 30... Rf8 31. Rxd5+ (31. gxf5 {is more complex.} Rxf5 32. Re3 Bd6 33. Bxd6 Kxd6 34. Kd3) 31... exd5 $11 {[%mdl 4096] Endgame KRB-KRB} 32. Kd3 fxg4 33. fxg4 Bg5 34. Be5 $2 {[#]} (34. Kc2 $11 {and White has nothing to worry.}) 34... Rf2 $1 $19 35. b3 Rb2 36. b4 $2 (36. a4) 36... b6 {[%cal Bb7b6,Bb6a5][%mdl 32]} 37. Bg3 a5 38. Be5 Ra2 39. Bg3 Kc6 40. bxa5 $2 (40. Bb8) 40... bxa5 41. a4 (41. Bb8 $142 Rxa3 42. Kc2) 41... bxa4 42. c4 dxc4+ 43. Kxc4 Rc2+ 44. Kd3 Rc1 {Black is clearly winning.} 45. Rxc1+ Bxc1 {KB-KB} 46. Kc4 Ba3 47. d5+ Kd7 48. Bf2 Bd6 49. Bg1 a3 50. Kb3 Bb4 {Precision: White = 44%, Black = 70%.} 0-1